| Tag |
First Indicator |
Second Indicator |
Subfields |
| LEADER |
00000cam a2200000 4500 |
| 001 |
in00000022884 |
| 005 |
20151007064200.0 |
| 008 |
751122s1943 mau 00010 eng |
| 010 |
|
|
|a 43004876
|
| 035 |
|
|
|a (OCoLC)01848274
|
| 035 |
|
|
|9 AAD9248AM
|
| 040 |
|
|
|a DLC
|c FQG
|d TXA
|d UtOrBLW
|
| 049 |
|
|
|a TXAM
|c [117663]
|
| 050 |
|
0 |
|a PT2611.R23
|b Z8 1943
|
| 092 |
|
|
|a 832
|b F828z
|
| 100 |
1 |
|
|a Frank, Bruno,
|d 1887-1945.
|
| 245 |
1 |
0 |
|a Zwolftausend, schauspiel in drei akten :
|b und Nina, komodie in drei akten /
|c von Bruno Frank. Edited with introduction, notes and vocabulary by Anthony Scenna ...
|
| 264 |
|
1 |
|a Boston,
|a New York, [etc.] :
|b Pub. for Reynal & Hitchcock by Houghton Mifflin company,
|c [1943]
|
| 300 |
|
|
|a xvi, 195 pages ;
|c 22 cm.
|
| 336 |
|
|
|a text
|b txt
|2 rdacontent
|
| 337 |
|
|
|a unmediated
|b n
|2 rdamedia
|
| 338 |
|
|
|a volume
|b nc
|2 rdacarrier
|
| 600 |
1 |
0 |
|a Scenna, Anthony,
|d 1906-
|
| 740 |
0 |
|
|a Nina.
|
| 999 |
|
|
|a MARS
|
| 999 |
f |
f |
|s cefc2eda-040d-368a-aede-b4222d81bdbd
|i 11228c73-6a5b-3875-b561-85aad60fe649
|t 0
|
| 952 |
f |
f |
|p ric
|a Texas A&M University
|b Rellis Campus
|c Joint Library Facility
|d Remote Storage
|t 0
|e PT2611.R23 Z8 1943
|h Library of Congress classification
|i unmediated -- volume
|m A14801352465
|
| 998 |
f |
f |
|a PT2611.R23 Z8 1943
|t 0
|l Remote Storage
|